[Event "Groningen Harmonie Mini op-C"]
[Site "Groningen"]
[Date "2002.12.26"]
[Round "1.3"]
[White "Kremer, Joop"]
[Black "Steggink, Freddie"]
[Result "1-0"]
[WhiteElo "1598"]
[BlackElo "1675"]
[PlyCount "75"]
[EventDate "2002.12.26"]
[EventType "swiss"]
[EventRounds "5"]
[EventCountry "NED"]
[SourceTitle "EXT 2004"]
[Source "ChessBase"]
[SourceDate "2003.11.25"]
[SourceVersion "1"]
[SourceVersionDate "2003.11.25"]
[SourceQuality "1"]

1. e4 e5 2. Nf3 Nf6 3. Nxe5 d6 4. Nf3 Nxe4 5. d3 Nf6 6. Nc3 Bg4 7. Be2 Be7 8. h3 Bxf3 9. Bxf3 c6 10. 0-0 0-0 11. b3 d5 12. d4 Bd6 13. Bg5 Nbd7 14. Ne2 Qc7 15. c4 Ne4 16. Be3 f5 17. c5 Be7 18. Bf4 Qd8 19. Bxe4 dxe4 20. Qc2 Nf6 21. Be5 Nd5 22. Nf4 Qd7 23. Nxd5 cxd5 24. f4 Rac8 25. Qe2 Rc6 26. Rac1 Rg6 27. Rc3 Bh4 28. Kh2 Re8 29. g3 Bd8 30. b4 Qa4 31. Rb1 a6 32. b5 Bf6 33. bxa6 Bxe5 34. dxe5 d4 35. axb7 Rb8 36. Qc4+ Qxc4 37. Rxc4 Ra6 38. a4 1-0